| 000 | 00507nam a2200217Ia 4500 | ||
|---|---|---|---|
| 003 | 0100 | ||
| 008 | 130303s9999 xx 000 0 und d | ||
| 020 | _a0198245491 | ||
| 040 | _cARRUPELIB | ||
| 050 | _aB2779.W5 | ||
| 100 | _aWilkerson, Terence Edward | ||
| 245 | _aKant's critque of pure reason | ||
| 245 | _bA commentary for students | ||
| 260 | _aOxford | ||
| 260 | _bClarendon Press | ||
| 260 | _C1976 | ||
| 300 | _a221p | ||
| 300 | _b 20cm | ||
| 650 | _bGood and evil | ||
| 942 |
_2lcc _03 |
||
| 999 |
_c67529 _d67529 |
||